000 00625nam a22002057a 4500
999 _c13503
_d13503
003 AR-CdUCM
008 190415b ||||| |||| 00| 0 spa d
040 _aMUNICIPALIDAD PROVINCIAL DEL CUSCO
_cBIBLIOTECA MUNICIPAL DEL CUSCO
082 _aES / 373.820 /
_bT98
100 _aTwain, Mark
_9733
245 _aNarraciones Humoristas /
260 _aMexico :
_bDiana,
_c1953.
300 _a230 paginas ;
_bilustraciones,
_c20 cm.
500 _aNarraciones y cuentos humoristicos
650 _aNarraciones
_9930
650 _aHumoristico
_928890
650 _aCuentos
_9217
942 _2ddc
_cLIBROS
945 _apjha
_d2019-04-15